000 00427nam a2200181Ia 4500
001 22943
005 20260414150904.0
008 260414t2015||||xx |||||||||||||| ||spa||
041 _aESP
082 _a624.171
_bC71 2015
100 _aClough, Ray W.
_eAUT
245 0 _aDynamics of structures
_b
260 _c2015
300 _axxii, 738 páginas :
_c23 cm.
650 _a0
654 _aCIC
942 _cLIB
_dJUS
_fJUS
_2ddc
_n
999 _c22943
_d22943